00470nam a2200157Ia 450000500170000000800410001708200130005810000130007124500280008426000360011230000120014850000320016094200060019295200990019899900150029720250405125022.0240331s9999 xx 000 0 und d bSULa894 aSulfika, 0aVilankidappatta manudam aMadrasbSouth Asian Booksc1995 a54 p ., aIlathu Ilakkiya Kavithaikal cL 001040708LaWERCLbWERCLcSSCd2024-03-31l0o 894.811 SULp2384r2024-03-31w2024-03-31yL c4211d4211